000 00746nam a2200205 a 4500
003 0
005 20250303142119.0
008 120723s19uu xx 00 eng d
050 _aPGS LB 1573.B68
_b.J33 2012
100 _aJang, Se Eun.
245 _aBook preference and reading skills /
_cSe Eun Jang .
260 _aLas PiƱas City, Philippines :
_bSouthville International School and Colleges,
_c2012.
300 _a20 pages :
_billustrations ;
_c28 cm.
504 _aIncludes bibliographical references.
650 _aBooks and reading
_vChildren.
650 _aChildren's literature
_vStudy and teaching.
650 _aLiteracy
_vStudy and teaching (Grade 6).
650 _aReading comprehension
_vStudy and teaching.
942 _2lcc
_cPASS
999 _c98796
_d98796